000 01139nam a22002897a 4500
005 20240530110955.0
008 221114s20072021ua ak g 000 0 ara d
020 _a9773372510
040 _aEG-CaGPL
_cEG-CaGPL
082 0 4 _221
_a657.42 /
_bص ت
100 0 _aصلاح اسماعيل حسن
245 1 0 _aتسعير خدمات الموانئ البحرية /
_cتاليف صلاح اسماعيل حسن ؛ مشرف عبدالرحمن توفيق
250 _aط.1
260 _aالقاهرة :
_bمركز الخبرات المهنية للادارة (ببميك) ،
_c2006.
300 _a279 ص. :
_bايض ؛
_c24 سم +
490 _aسلسلة اصدرات بميك
_v( 79 )
650 0 7 _2qrmak
_aالتجارة البحرية
650 0 7 _2qrmak
_aالموانئ
650 0 7 _2qrmak
_aالسفن التجارية
650 0 7 _2qrmak
_aالرسوم الجمركية
650 0 7 _2qrmak
_aالشحن البحرى
651 _2qrmak
_aمصر
653 0 _aالموانئ - تنافس
700 _aعبدالرحمن توفيق
_eمشرف علمى
942 _2ddc
_cBK
999 _c67076
_d67076